The Year book of education : (Record no. 51051)
[ view plain ]
| 000 -LEADER | |
|---|---|
| fixed length control field | 01119cas a2200373 4500 |
| 001 - CONTROL NUMBER | |
| control field | 51051 |
| 003 - CONTROL NUMBER IDENTIFIER | |
| rucl marc code | BD-RJUL |
| 005 - DATE AND TIME OF LATEST TRANSACTION | |
| control field | 20211209075614.0 |
| 008 - FIXED-LENGTH DATA ELEMENTS--GENERAL INFORMATION | |
| fixed length control field | 160829s1953 enkar p b 0 0eng |
| 035 ## - SYSTEM CONTROL NUMBER | |
| System control number | BD-RJUL 51171 |
| System control number | (OCoLC)03768671 |
| System control number | GLIS00626184 |
| System control number | (OCoLC)05337133 |
| System control number | (OCoLC)02111451 |
| 040 ## - CATALOGING SOURCE | |
| Original cataloging agency | DLC |
| Transcribing agency | OKO |
| Modifying agency | CLU |
| -- | NYG |
| -- | m.c. |
| -- | NSD |
| -- | OCL |
| -- | m/c |
| -- | DLC |
| -- | IUL |
| -- | NST |
| -- | RCD |
| Language of cataloging | eng |
| 041 ## - LANGUAGE CODE | |
| Language code of text/sound track or separate title | eng |
| 082 ## - DEWEY DECIMAL CLASSIFICATION NUMBER | |
| Edition number | 23 |
| Classification number | 370.114 |
| Author mark and year | YEA 1953 |
| 090 ## - LOCALLY ASSIGNED LC-TYPE CALL NUMBER (OCLC); LOCAL CALL NUMBER (OCLC) | |
| Classification number (OCLC) (R) ; Classification number, CALL (RLIN) (NR) | L101.G8 |
| Local cutter number (OCLC) ; Book number/undivided call number, CALL (RLIN) | W927 |
| 099 ## - LOCAL FREE-TEXT CALL NUMBER (OCLC) | |
| Bangla Class number | L101.G8.W927 |
| 245 04 - TITLE STATEMENT | |
| Title | The Year book of education : |
| Remainder of title | 1953 / |
| 246 10 - VARYING FORM OF TITLE | |
| Title proper/short title | Yearbook of education |
| 260 ## - PUBLICATION, DISTRIBUTION, ETC. (IMPRINT) | |
| Place of publication, distribution, etc. | London : |
| Name of publisher, distributor, etc. | Evans Bros., |
| Date of publication, distribution, etc. | 1953 |
| 300 ## - PHYSICAL DESCRIPTION | |
| Pagination | 587 p. : |
| Illustrations | ill. ; |
| Size | 23 cm. |
| 504 ## - BIBLIOGRAPHY, ETC. NOTE | |
| Bibliography, etc | Includes bibliographies |
| 580 ## - LINKING ENTRY COMPLEXITY NOTE | |
| Linking entry complexity note | Continued in 1965 by: World year book of education. |
| 650 #0 - SUBJECT ADDED ENTRY--TOPICAL TERM | |
| Topical term or geographic name as entry element | Education |
| 9 (RLIN) | 149443 |
| 700 ## - ADDED ENTRY--PERSONAL NAME | |
| Personal name | Clarke, fred, edited |
| Personal name | Kandel, I. L., edited |
| Personal name | Judges, A.V., edited |
| Personal name | Evans, E. Noel, edited |
| 942 ## - ADDED ENTRY ELEMENTS (KOHA) | |
| Source of classification or shelving scheme | Dewey Decimal Classification |
| Koha item type | Books |
| Lost status | Source of classification or shelving scheme | Damaged status | Not for loan | Collection code | Permanent Location | Current Location | Shelving location | Date acquired | Source of acquisition | Cost, normal purchase price | Total Checkouts | Full call number | Date last seen | Copy number | Koha item type |
|---|---|---|---|---|---|---|---|---|---|---|---|---|---|---|---|
| Dewey Decimal Classification | Not For Loan | Non-fiction | Central Library, University of Rajshahi | Central Library, University of Rajshahi | Reading Room | 14/06/1956 | B.H. Blackwell | 15.00 | 370.114 YEA 1953 | 29/08/2016 | C-1 | Books |